000 00219 a2200097 4500
001 27877
100 _aLlewellyn, R
245 _aAt Sunrise the rough music
260 _a
_bNew English Library
_c
090 _c18614
_d18614
942 _aNUST-CAE
_cM
_c9574
999 _c262950
_d262950